| 000 | 01212nam0a22003371 4500 | ||
|---|---|---|---|
| 001 | v19\rc\1911852 | ||
| 005 | 20251118180600.5 | ||
| 035 | _a(NLR Aleph) 005000254 | ||
| 090 |
_a6378943 _c6378943 |
||
| 100 | _a20080404d1911 u y0rusy50 ca | ||
| 101 | 0 | _arus | |
| 102 | _aRU | ||
| 105 | _aa z ||||| | ||
| 200 | 1 |
_aИсследования над прикреплением мышц к хитиновому скелету у насекомых _fО.И. Терне |
|
| 210 |
_aЮрьев _cтип. К. Маттисена _d1911 |
||
| 215 |
_a95 с., 2 л. ил. _d28 |
||
| 225 | 1 |
_aТруды Общества естествоиспытателей при Императорском Юрьевском университете _v20 |
|
| 300 | _aРез. на нем. яз. | ||
| 320 | _aБиблиогр.: с. 87-90 | ||
| 700 | 1 |
_aТерне _bО.И. _gОскар Иоганнесович |
|
| 801 | 0 |
_aRU _bNLR _gpsbo |
|
| 801 | 0 |
_aRU _bRuMoRGB _2psbo |
|
| 801 | 1 |
_aRU _bProSoft-M _2rusmarc |
|
| 852 |
_aNLR _j1/428(вып. 20) |
||
| 899 |
_aRuMoRGB _jXXIV 78/3 (20) |
||
| 899 |
_aRuMoRGB _jXXIV 78/4 |
||
| 899 | _aБАН | ||
| 899 | _aНБ МГУ | ||
| 899 | _aНБ СПбГУ | ||
| 942 | _cBOOK | ||
| 980 | _aNB | ||